| 000 | 00569nam a22002057a 4500 | ||
|---|---|---|---|
| 003 | OSt | ||
| 005 | 20140310182828.0 | ||
| 008 | 130530t xxu||||| |||| 00| 0 eng d | ||
| 020 | _a9789710495443 | ||
| 050 |
_aHQ 800 _b.G516 2008 |
||
| 082 |
_aM 265.5 _bG516 2008 |
||
| 245 |
_aBeing single is better than being married to an unsuitable partner _cGirao, William B. |
||
| 260 |
_aManila _bOMF Literature Inc. _cc2008 |
||
| 300 |
_a126 p. _c16 cm. |
||
| 521 | _aCollege students | ||
| 526 | _c1210L-1700L | ||
| 541 | _j1 | ||
| 562 | _e1 | ||
| 942 |
_2lcc _cBK _kM |
||
| 999 |
_c16554 _d16554 |
||